Normal view
MARC view
Entry Topical Term
001 - CONTROL NUMBER
- control field: 72161
003 - CONTROL NUMBER IDENTIFIER
- control field: dpl
005 - DATE AND TIME OF LATEST TRANSACTION
- control field: 20240930105353.0
008 - FIXED-LENGTH DATA ELEMENTS
- fixed length control field: 240930|| aca||aabn | a|a d
040 ## - CATALOGING SOURCE
- Original cataloging agency: dpl
- Transcribing agency: dpl
150 ## - HEADING--TOPICAL TERM
- Topical term or geographic name as entry element: हिन्दी
670 ## - SOURCE DATA FOUND
- Source citation: Work cat.: (dpl)205541: श्रीवास्तव, अवधेश कुमार 72160, कैसे-कैसे लोग/, 2022
